000 01615nam a22003377a 4500
001 281
003 OSt
005 20250528074017.0
008 250315b |||||||| |||| 00| 0 eng d
040 _bpor
041 _hfre
_apor
082 _a843
_bB198e
100 1 _aBalzac, Honoré de,
_d1799-1850
_9518
240 _aEugénie Grandet
245 _aEugênia Grandet /
_cBalzac, Honoré de ; Tradução de Moacir Werneck de Castro
250 _a2 ed.
260 _aSão Paulo
_bAbril
_c1971
300 _a230 p.
490 1 _aOs Imortais da Literatura Universal
520 _aEugênia Grandet (1833), conta a história de um amor frustrado e ao mesmo tempo da falta de adaptação das pessoas à sociedade materialista. Eugênia é filha de um dos maiores avarentos já descritos na literatura. O livro foi tão bem recebido que Balzac se irritava com as críticas positivas. – Ora, deixem-me. Os que me chamam de pai de Eugênia Grandet querem me diminuir. É, decerto, uma obra-prima, mas uma obra-prima pequena. Eles evitam citar as grandes, dizia Balzac. POR QUE LER – Balzac foi um dos grandes retratistas da burguesia francesa do século XIX e possuía extrema habilidade para criar personagens.
650 0 _aLiteratura francesa
_9122
650 0 _aCrítica social
_9514
650 0 _aAmor e sacrifício
_9519
650 0 _aClássicos
_977
650 0 _aRomance Psicológico
_9509
655 0 _aRomance
_923
655 0 _aFicção
_922
700 1 _aCastro, Moacir Werneck de,
_d1915-2010
_eTRADUTOR
_9520
830 _aOs Imortais da Literatura Universal
_9461
_vvol. 6
942 _2ddc
_n0
_cBK
999 _c281
_d281